000 00533nam a2200193Ia 4500
005 20250923144648.0
008 008 250917s9999 xx 000 0 eng d
037 _aTextual
040 _aDSWL
_beng
_cDSWL
041 _aeng
_2eng
084 _an2;1N53, N59
_qDSWL
245 0 _aIndia A REF annual 1959
_cby Publication Division
260 _a India
_bPub. Division, Govt. of India
_c1959
300 _axvi,562p.
365 _aINR
_b9
925 _g9
942 _cTEXL
_hn2;1N53, N59
999 _c1441764
_d1441764